| 000 | 00788nam a22002297a 4500 | ||
|---|---|---|---|
| 999 |
_c20641 _d20641 |
||
| 003 | AR-CdUCM | ||
| 008 | 190601b ||||| |||| 00| 0 spa d | ||
| 040 |
_aMUNICIPALIDAD PROVINCIAL DEL CUSCO _cBIBLIOTECA MUNICIPAL DEL CUSCO |
||
| 082 |
_a508 / _bF22 |
||
| 100 |
_aFarb, Peter _943142 |
||
| 245 | _aEl bosque / | ||
| 260 |
_aMéxico : _bOffset multicolor, _c1964. |
||
| 300 |
_a192 páginas ; _bIlustraciones, _c28 cm. |
||
| 440 |
_aColeccion de la naturaleza de life en español _936260 |
||
| 505 | _aContenido : El ciclo forestal -- Paisajes remotos -- Variedades verdes alrededor del orbe... | ||
| 650 |
_aSuelo _921395 |
||
| 650 |
_aBosques boreales _943143 |
||
| 650 |
_aCiclos _943144 |
||
| 710 |
_aEditores de Life en Español _943145 |
||
| 942 |
_2ddc _cLIBROS |
||
| 945 | _arcc | ||